00814nam a2200241 a 4500008004100000020003000041040001500071100003000086245008500116260009700201300003100298336002600329337002800355338002700383500002000410504004100430650002100471650002000492650001200512700003000524003000100554005001700555  a9789282011195 (paperback) aNUSTcNUST1 aIndabawa, Sabo.,aauthor.10aThe social context of adult learning in Africa/c Sabo Indabawa & Stanley Mpofu. aHamburg, Germany :bUNESCO Institute for Education & Pearson Education South Africa, c2006. axviii, 174 pages ;c24 cm. atextbtxt2rdacontent aunmediatedbn2rdamedia avolumebnc2rdacarrier aIncludes index. aIncludes bibliographical references. 1aAdult education. aAdult learning. aAfrica. aMpofu, Stanley.,aauthor.20230123141235.0